[Event "Lippe Cup 04th"]
[Site "Lieme"]
[Date "2007.09.29"]
[Round "2"]
[White "Kaczmarek, Bernhard"]
[Black "Bentel, Armin"]
[Result "1/2-1/2"]
[WhiteElo "1652"]
[BlackElo "1476"]
[PlyCount "48"]
[EventDate "2007.09.28"]
[EventType "swiss"]
[EventRounds "5"]
[EventCountry "GER"]
[SourceTitle "EXT 2012"]
[Source "ChessBase"]
[SourceDate "2011.11.24"]
[SourceVersion "1"]
[SourceVersionDate "2011.11.24"]
[SourceQuality "1"]

1. Nf3 Nf6 2. d4 d5 3. g3 e6 4. Bg2 c5 5. Bg5 Nbd7 6. e3 Be7 7. 0-0 0-0 8. Nbd2 Ne8 9. Bxe7 Qxe7 10. c4 Nef6 11. Rc1 b6 12. cxd5 exd5 13. Re1 Bb7 14. dxc5 Nxc5 15. Nb3 Rfd8 16. Nbd4 g6 17. b4 Nce4 18. Qb3 Nd6 19. Nd2 Nfe4 20. Nxe4 Nxe4 21. Rc2 Qd7 22. Rec1 Rac8 23. a4 Rxc2 24. Rxc2 Rc8 1/2-1/2

[Event "Lippe Cup 03rd"]
[Site "Lieme"]
[Date "2006.10.08"]
[Round "5"]
[White "Staniek, Roman"]
[Black "Kaczmarek, Bernhard"]
[Result "1/2-1/2"]
[WhiteElo "1692"]
[BlackElo "1640"]
[PlyCount "38"]
[EventDate "2006.10.06"]
[EventType "swiss"]
[EventRounds "5"]
[EventCountry "GER"]
[SourceTitle "EXT 2012"]
[Source "ChessBase"]
[SourceDate "2011.11.24"]
[SourceVersion "1"]
[SourceVersionDate "2011.11.24"]
[SourceQuality "1"]

1. e4 d5 2. e5 Bf5 3. f4 e6 4. Nf3 Be7 5. d3 c5 6. Be2 Nc6 7. c3 h5 8. 0-0 Qb6 9. Qe1 0-0-0 10. a3 c4+ 11. d4 Nh6 12. Ng5 f6 13. Nf3 fxe5 14. Nxe5 Nxe5 15. fxe5 g6 16. Nd2 Rdf8 17. Qd1 Ng4 18. Bxg4 Bxg4 19. Nf3 Qd8 1/2-1/2

[Event "Lippe Cup 03rd"]
[Site "Lieme"]
[Date "2006.10.07"]
[Round "3"]
[White "Horstmann, Benjamin"]
[Black "Kaczmarek, Bernhard"]
[Result "1/2-1/2"]
[WhiteElo "1698"]
[BlackElo "1640"]
[PlyCount "39"]
[EventDate "2006.10.06"]
[EventType "swiss"]
[EventRounds "5"]
[EventCountry "GER"]
[SourceTitle "EXT 2012"]
[Source "ChessBase"]
[SourceDate "2011.11.24"]
[SourceVersion "1"]
[SourceVersionDate "2011.11.24"]
[SourceQuality "1"]

1. e4 d5 2. exd5 Qxd5 3. Nc3 Qd8 4. Bc4 Nf6 5. Nf3 Bf5 6. 0-0 e6 7. d4 c6 8. Re1 Be7 9. Bg5 Nbd7 10. Qe2 0-0 11. Rad1 Re8 12. Bb3 Nb6 13. Ne5 Nbd5 14. Nxd5 Nxd5 15. Bxe7 Nxe7 16. c3 Qd6 17. Nc4 Qd7 18. Qe5 Rad8 19. Ne3 Bg6 20. Qg5 1/2-1/2

[Event "Lippe Cup 03rd"]
[Site "Lieme"]
[Date "2006.10.06"]
[Round "1"]
[White "Vogel, Guido"]
[Black "Kaczmarek, Bernhard"]
[Result "0-1"]
[WhiteElo "1121"]
[BlackElo "1640"]
[PlyCount "56"]
[EventDate "2006.10.06"]
[EventType "swiss"]
[EventRounds "5"]
[EventCountry "GER"]
[SourceTitle "EXT 2012"]
[Source "ChessBase"]
[SourceDate "2011.11.24"]
[SourceVersion "1"]
[SourceVersionDate "2011.11.24"]
[SourceQuality "1"]

1. e4 d5 2. e5 Bf5 3. d4 e6 4. Bd3 Bxd3 5. Qxd3 c5 6. Be3 cxd4 7. Bxd4 Nc6 8. Nf3 g6 9. Nbd2 Bg7 10. 0-0 Nge7 11. Rac1 0-0 12. c4 Nf5 13. cxd5 Qxd5 14. Rc5 Qxa2 15. Nb3 Nfxd4 16. Nfxd4 Nxd4 17. Nxd4 Rad8 18. Qc3 b6 19. Rc7 Bxe5 20. Rc4 b5 21. Rb4 a5 22. Rxb5 Bxd4 23. Qxa5 Qxa5 24. Rxa5 Bxb2 25. Ra2 Bd4 26. Rd2 e5 27. Rfd1 Rb8 28. Kf1 Rb2 0-1